Hija de la fortuna

Saved in:
Bibliografiske detaljer
Hovedforfatter: Allende, Isabel, 1942- (autora)
Format: Bog
Sprog:spansk
Udgivet: Barcelona Sudamericana 1999
Fag:
Tags: Tilføj Tag
Ingen Tags, Vær først til at tagge denne postø!

MARC

LEADER 00000nam a2200000 a 4500
001 UCP0991
003 CL-VaPUC
008 990326e19990000SP |||||||||||||||||spa|d
082 0 4 |a Ch863  |b ALL  |2 21 
100 |a Allende, Isabel,  |d 1942-  |e autora  |9 318389 
245 1 0 |a Hija de la fortuna 
300 |a 428 p 
942 |c BK 
945 |d 19990326 00:00:00  |a aarredon 
260 |a Barcelona  |b Sudamericana  |c 1999 
650 0 |a Novelas chilenas   |9 265425 
583 |a last modification  |c 19990326 00:00:00  |k Rodrigo Vera 
999 |c 279714  |d 279712 
952 |0 0  |1 0  |4 0  |6 CH_863_000000000000000_ALL_1999  |7 0  |8 A  |9 319422  |a BIBEDU  |b BIBEDU  |c ES_NOD  |d 2019-11-20  |i 3564703  |l 4  |m 1  |o Ch863 ALL 1999  |p 3564703  |r 2023-08-09  |s 2023-04-25  |w 2019-11-20  |y BK  |k EPE